| 000 | 00386cam a2200157ua 4500 | ||
|---|---|---|---|
| 041 |
_aeng _h |
||
| 082 |
_a828.09 _bTRI/EM |
||
| 100 | _aForster, E M . | ||
| 245 |
_aE M Forster / _cLicnel Trillinoy. _hTextual Documents |
||
| 260 |
_aLondon : _bThe Hogarth Press , _c1962. |
||
| 300 | _a164 ; . | ||
| 504 | _a | ||
| 700 | 1 | _aTrillinoy, Licnel . | |
| 942 | _cBK | ||
| 999 |
_c3974 _d3974 |
||